[Event "XXVIII Festival A"]
[Site "Arco ITA"]
[Date "2006.10.29"]
[Round "9"]
[White "Wohl, Aleksandar H."]
[Black "Salvador, Roland"]
[Result "0-1"]
[WhiteElo "2427"]
[BlackElo "2455"]
[PlyCount "51"]
[EventDate "2006.10.21"]

1. c4 c5 2. Nf3 Nc6 3. d4 cxd4 4. Nxd4 e6 5. g3 Qb6 6. Nb3 Ne5 7. e4 Nf6 8. Qe2
a5 9. f4 a4 10. fxe5 axb3 11. Nc3 Bb4 12. Bd2 Bxc3 13. Bxc3 Rxa2 14. Rd1 Ng8
15. Qg4 g6 16. Be2 Ne7 17. Qf4 Nc6 18. Rf1 Rf8 19. Rd3 Qc5 20. Qf6 b6 21. Kd2
Ba6 22. Rd6 Bxc4 23. Rd1 Bxe2 24. Kxe2 Qxc3 25. Rxd7 Qxb2+ 26. R1d2 0-1

[Event "Weekend A Autunno"]
[Site "Torino ITA"]
[Date "2006.11.??"]
[Round "2"]
[White "Boetto, Massimo"]
[Black "Pulito, Alberto"]
[Result "0-1"]
[WhiteElo "1994"]
[BlackElo "2230"]
[PlyCount "78"]
[EventDate "2006.10.28"]

1. e4 e6 2. d4 d5 3. Nc3 Bb4 4. e5 c5 5. a3 Bxc3+ 6. bxc3 Qc7 7. Qg4 Ne7 8.
Qxg7 Rg8 9. Qxh7 cxd4 10. Ne2 Nbc6 11. f4 Bd7 12. Qd3 dxc3 13. Nxc3 a6 14. Ne2
Rc8 15. Bd2 Na5 16. Nd4 Nc4 17. Bb4 a5 18. Bxe7 Kxe7 19. Rb1 Qc5 20. a4 b6 21.
Nb5 Qe3+ 22. Qxe3 Nxe3 23. g3 Nxc2+ 24. Kd2 Nb4 25. Bd3 Rc5 26. Rhc1 Rgc8 27.
Rxc5 bxc5 28. Nd6 Rh8 29. h4 Rg8 30. Bb5 Rxg3 31. Rh1 c4 32. Bxd7 Kxd7 33. Nb5
Nd3 34. h5 Nxf4 35. h6 Ng6 36. h7 Nh8 37. Nd4 Rd3+ 38. Kc2 Rxd4 39. Rg1 Rh4 0-1

[Event "Weekend A Autunno"]
[Site "Torino ITA"]
[Date "2006.11.??"]
[Round "2"]
[White "D'Ingiullo, Giovanni"]
[Black "Degrassi, Sergio"]
[Result "0-1"]
[WhiteElo "1757"]
[BlackElo "1879"]
[PlyCount "88"]
[EventDate "2006.10.28"]

1. g3 d5 2. Bg2 c6 3. d3 Nf6 4. Nd2 Nbd7 5. e4 e6 6. Ne2 Bb4 7. c3 Ba5 8. d4
dxe4 9. Nxe4 Bc7 10. O-O O-O 11. Qc2 h6 12. f4 Nxe4 13. Bxe4 Nf6 14. Bg2 Bb6
15. Kh1 Qc7 16. Ng1 c5 17. dxc5 Bxc5 18. Nf3 b6 19. b3 Bb7 20. h3 Ne4 21. Kh2
Nxc3 22. Bb2 Nd5 23. Qe2 Ne3 24. Rfc1 Nxg2 25. Kxg2 Rad8 26. b4 Bxf3+ 27. Qxf3
Rd2+ 28. Kh1 Rxb2 29. bxc5 bxc5 30. Rc3 Qb6 31. a3 Rb1+ 32. Rc1 Rxa1 33. Rxa1
Rd8 34. Qc3 Qc6+ 35. Kh2 Qd5 36. Rc1 Rb8 37. Rc2 Rb1 38. g4 Rb3 39. Qxc5 Qf3
40. Qc8+ Kh7 41. Qc7 Qg3+ 42. Kh1 Qxh3+ 43. Kg1 Rg3+ 44. Kf2 Rg2+ 0-1

[Event "Weekend A Autunno"]
[Site "Torino ITA"]
[Date "2006.11.??"]
[Round "2"]
[White "Damia, Angelo"]
[Black "Malano, Francesco"]
[Result "1-0"]
[WhiteElo "2099"]
[BlackElo "2000"]
[PlyCount "45"]
[EventDate "2006.10.28"]

1. e4 c5 2. a3 g6 3. b4 Bg7 4. c3 b6 5. d4 cxd4 6. cxd4 Nf6 7. Bd3 Bb7 8. Nd2
O-O 9. Ne2 d5 10. e5 Ne4 11. Nb3 Qc7 12. Bb2 Ng5 13. h4 Ne6 14. f4 f5 15. h5
Rc8 16. hxg6 hxg6 17. g4 Rf8 18. gxf5 gxf5 19. Rh5 Bc8 20. Kd2 Nd8 21. Qh1 e6
22. Rg1 Nf7 23. Rxg7+ 1-0

[Event "Weekend A Autunno"]
[Site "Torino ITA"]
[Date "2006.11.??"]
[Round "2"]
[White "Fasano, Domenico"]
[Black "Matta, Francesca"]
[Result "0-1"]
[WhiteElo "1700"]
[BlackElo "1866"]
[PlyCount "50"]
[EventDate "2006.10.28"]

1. e4 e5 2. Nf3 Nc6 3. Bb5 a6 4. Bxc6 dxc6 5. O-O Bd6 6. d4 exd4 7. Qxd4 f6 8.
h3 Be6 9. Be3 Ne7 10. Qc3 O-O 11. Nbd2 Ng6 12. Nd4 Bf7 13. f4 Re8 14. b3 Qe7
15. Nf5 Qf8 16. Nxd6 cxd6 17. Rad1 Rad8 18. Bb6 Rd7 19. Qd3 d5 20. exd5 Rxd5
21. Qg3 Qb4 22. Be3 Qc3 23. Rde1 Rxd2 24. Rf3 Rxc2 25. f5 Ne5 0-1

[Event "Weekend A Autunno"]
[Site "Torino ITA"]
[Date "2006.11.??"]
[Round "2"]
[White "Finocchiaro, Gianluca"]
[Black "Araniti, Michelangelo"]
[Result "1-0"]
[WhiteElo "1953"]
[BlackElo "1766"]
[PlyCount "85"]
[EventDate "2006.10.28"]

1. e4 c6 2. d4 d5 3. Nc3 dxe4 4. Bc4 Nf6 5. f3 exf3 6. Nxf3 Bg4 7. Bxf7+ Kxf7
8. Ne5+ Kg8 9. Nxg4 Nxg4 10. Qxg4 Qd7 11. Qf3 Na6 12. O-O e6 13. Ne4 h6 14. Qg4
Be7 15. Nf6+ Bxf6 16. Rxf6 h5 17. Qxe6+ Qxe6 18. Rxe6 Kf7 19. Re5 Rae8 20. Bf4
Rxe5 21. Bxe5 Nb4 22. Rf1+ Kg6 23. Rf3 h4 24. Rb3 a5 25. c3 Nd3 26. Rxb7 Nxe5
27. dxe5 Re8 28. Rb6 Rxe5 29. Rxc6+ Kf5 30. Rc4 g5 31. h3 Ke6 32. Kf2 Kd6 33.
Kf3 Rb5 34. b3 Ke5 35. b4 a4 36. Rc5+ Rxc5 37. bxc5 Kd5 38. Ke3 Kxc5 39. Kd3
Kd5 40. c4+ Kc5 41. a3 Kc6 42. Kd4 Kd6 43. c5+ 1-0

[Event "Weekend A Autunno"]
[Site "Torino ITA"]
[Date "2006.11.??"]
[Round "2"]
[White "Fortino, Fabrizio"]
[Black "Vozza, Nicola"]
[Result "1/2-1/2"]
[WhiteElo "2057"]
[BlackElo "1978"]
[PlyCount "112"]
[EventDate "2006.10.28"]

1. e4 e6 2. d4 d5 3. Nc3 Nf6 4. e5 Nfd7 5. f4 c5 6. Nf3 Nc6 7. Be3 a6 8. Qd2
cxd4 9. Nxd4 Bc5 10. O-O-O O-O 11. h4 Nxd4 12. Bxd4 b5 13. Rh3 b4 14. Na4 Bxd4
15. Qxd4 a5 16. f5 Qc7 17. Re1 Ba6 18. Bd3 Bxd3 19. Rxd3 Rfc8 20. Re2 Qc4 21.
b3 Qxd4 22. Rxd4 Rc6 23. g4 Rac8 24. Rdd2 Kf8 25. g5 Nb8 26. Nb2 Na6 27. fxe6
fxe6 28. Nd3 Nc7 29. g6 Kg8 30. gxh7+ Kxh7 31. Rf2 Nb5 32. Rf4 Nc3 33. Kb2 Ne4
34. Rg2 Nc3 35. Rf1 R8c7 36. h5 Nb5 37. Rf4 Nc3 38. Rf1 Nb5 39. Rf4 Na3 40. Ne1
Rc3 41. h6 Rh3 42. hxg7 Rxg7 43. Rxg7+ Kxg7 44. Rg4+ Kh7 45. Rg2 Rh1 46. Re2
Kg6 47. c3 Kf5 48. cxb4 axb4 49. Rf2+ Kg4 50. Rg2+ Kh3 51. Re2 Nb5 52. Nd3 Nc3
53. Rd2 Nd1+ 54. Kc2 Ne3+ 55. Kb2 Nd1+ 56. Kc2 Ne3+ 1/2-1/2

[Event "Weekend A Autunno"]
[Site "Torino ITA"]
[Date "2006.11.??"]
[Round "2"]
[White "Gussone, Claudio"]
[Black "Xausa, Flavio"]
[Result "1/2-1/2"]
[WhiteElo "1970"]
[BlackElo "2088"]
[PlyCount "59"]
[EventDate "2006.10.28"]

1. d4 Nf6 2. Nf3 g6 3. g3 Bg7 4. Bg2 O-O 5. O-O d6 6. c4 Nbd7 7. Nc3 e5 8. e4
exd4 9. Nxd4 Re8 10. Bg5 h6 11. Be3 Nc5 12. f3 a5 13. Qd2 Kh7 14. Rad1 Nfd7 15.
f4 Nf6 16. e5 Ng4 17. Nc6 bxc6 18. Bxc5 Be6 19. exd6 cxd6 20. Qxd6 Qxd6 21.
Bxd6 Ne3 22. Bxc6 Nxd1 23. Rxd1 Bxc4 24. Bxa8 Rxa8 25. Be5 Bf8 26. b3 Be6 27.
Ne4 Be7 28. Nf6+ Bxf6 29. Bxf6 a4 30. bxa4 1/2-1/2

[Event "Weekend A Autunno"]
[Site "Torino ITA"]
[Date "2006.11.??"]
[Round "2"]
[White "Masi, Adamo"]
[Black "Sattanino, Andrea"]
[Result "1-0"]
[WhiteElo "1874"]
[BlackElo "1701"]
[PlyCount "67"]
[EventDate "2006.10.28"]

1. Nf3 d5 2. d4 Nf6 3. Bg5 e6 4. e3 Be7 5. Bd3 Nbd7 6. O-O c5 7. c3 cxd4 8.
exd4 O-O 9. Qe2 h6 10. Bh4 Nh5 11. Bg3 Nxg3 12. hxg3 a6 13. a4 Rb8 14. Rd1 Nf6
15. Ne5 Bd7 16. Nd2 b5 17. a5 Ne8 18. Bc2 b4 19. Qd3 g6 20. Nxg6 fxg6 21. Qxg6+
Ng7 22. Nf3 Bf6 23. Ne5 Bxe5 24. dxe5 Qg5 25. Qh7+ Kf7 26. Rd3 Ke7 27. f4 Qg4
28. Bd1 Qf5 29. Qxg7+ Rf7 30. Qxh6 bxc3 31. Qh4+ Ke8 32. Rxc3 Qe4 33. Qh8+ Rf8
34. Bh5+ 1-0

[Event "Weekend A Autunno"]
[Site "Torino ITA"]
[Date "2006.11.??"]
[Round "2"]
[White "Sorcinelli, Francesco"]
[Black "Bozzali, Ermanno"]
[Result "1-0"]
[WhiteElo "2108"]
[BlackElo "2099"]
[PlyCount "97"]
[EventDate "2006.10.28"]

1. Nf3 d6 2. e4 c5 3. d4 cxd4 4. Nxd4 Nf6 5. Nc3 a6 6. Be3 e5 7. Nb3 Be6 8. f3
Nbd7 9. Qd2 b5 10. g4 Nb6 11. g5 Nfd7 12. Nd5 Rc8 13. O-O-O Bxd5 14. exd5 Nc4
15. Qe1 Be7 16. h4 Qc7 17. Bxc4 Qxc4 18. Rh2 Bd8 19. f4 Bb6 20. fxe5 Bxe3+ 21.
Qxe3 Nxe5 22. Qd4 O-O 23. Qxc4 Rxc4 24. h5 Nf3 25. Rg2 Re8 26. Na5 Rc7 27. Nc6
Re4 28. Rg3 Ne5 29. Rc3 Nc4 30. b3 Nb6 31. Kb2 Rc8 32. a3 Rce8 33. Nb4 a5 34.
Na6 b4 35. axb4 axb4 36. Rc6 Nc8 37. Nc7 Rd8 38. Nb5 Re5 39. g6 Rxh5 40. gxf7+
Kxf7 41. Rd4 Ke7 42. Rc7+ Kf6 43. Rf4+ Ke5 44. Rxb4 g5 45. Nc3 g4 46. Rxg4 Rf8
47. Re4+ Kf5 48. Rb4 Kg6 49. Rb8 1-0

[Event "Weekend A Autunno"]
[Site "Torino ITA"]
[Date "2006.11.??"]
[Round "2"]
[White "Torrione, William"]
[Black "Biancotti, Alessandro"]
[Result "1-0"]
[WhiteElo "1890"]
[BlackElo "1916"]
[PlyCount "65"]
[EventDate "2006.10.28"]

1. d4 d5 2. c4 e6 3. Nc3 Bb4 4. Qc2 c6 5. a3 Bxc3+ 6. Qxc3 Nf6 7. Bg5 Nbd7 8.
e3 Qb6 9. c5 Qc7 10. Bf4 Qd8 11. Bd3 O-O 12. Nf3 Re8 13. O-O b6 14. b4 Bb7 15.
Qc2 b5 16. Bd6 a5 17. Ne5 h6 18. f4 Nxe5 19. fxe5 Ng4 20. Bh7+ Kh8 21. Rxf7 Qg5
22. h3 Nxe3 23. Qg6 Qxg6 24. Bxg6 Ba6 25. Rc7 Rec8 26. Re7 Nf5 27. Bxf5 exf5
28. Rf7 g6 29. e6 axb4 30. axb4 Bb7 31. Rxa8 Bxa8 32. e7 Kg8 33. Rf8+ 1-0

[Event "Weekend A Autunno"]
[Site "Torino ITA"]
[Date "2006.11.??"]
[Round "2"]
[White "Turchetta, Gianluca"]
[Black "Mori, Andrea"]
[Result "1/2-1/2"]
[WhiteElo "1584"]
[BlackElo "2034"]
[PlyCount "38"]
[EventDate "2006.10.28"]

1. e4 c5 2. Nf3 Nc6 3. d4 cxd4 4. Nxd4 Nf6 5. Nc3 e5 6. Ndb5 d6 7. Bg5 a6 8.
Na3 b5 9. Nd5 Be6 10. c3 Be7 11. Bxf6 Bxf6 12. Nc2 Bg5 13. Nce3 O-O 14. h4 Bxe3
15. Nxe3 Ne7 16. Bd3 d5 17. exd5 Nxd5 18. Nxd5 Qxd5 19. O-O Rfd8 1/2-1/2

[Event "Weekend A Autunno"]
[Site "Torino ITA"]
[Date "2006.11.??"]
[Round "2"]
[White "Viglino, Antonio"]
[Black "Llupa, Oltjon"]
[Result "1-0"]
[WhiteElo "1785"]
[BlackElo "1966"]
[PlyCount "65"]
[EventDate "2006.10.28"]

1. Nf3 d5 2. c4 e6 3. d4 c6 4. g3 Nf6 5. Bg2 Bb4+ 6. Bd2 Bxd2+ 7. Nbxd2 O-O 8.
O-O Nbd7 9. Qc2 Re8 10. e4 dxc4 11. e5 Nd5 12. Nxc4 f5 13. Nd6 Rf8 14. h4 N7b6
15. a4 Nb4 16. Qd2 N6d5 17. h5 f4 18. Rae1 b6 19. Re4 Ba6 20. Rc1 Bd3 21. Rxf4
Nxf4 22. gxf4 a5 23. Ng5 Qe7 24. Bxc6 Rad8 25. d5 Rxd6 26. exd6 Qxd6 27. Nxe6
Rc8 28. Qc3 Qe7 29. Qe5 g6 30. d6 Qf7 31. d7 Rf8 32. d8=Q Rxd8 33. Nxd8 1-0

[Event "Weekend A Autunno"]
[Site "Torino ITA"]
[Date "2006.11.??"]
[Round "3"]
[White "Araniti, Michelangelo"]
[Black "Fasano, Domenico"]
[Result "1-0"]
[WhiteElo "1766"]
[BlackElo "1700"]
[PlyCount "83"]
[EventDate "2006.10.28"]

1. Nf3 Nf6 2. d4 e6 3. Nc3 d5 4. g3 Bb4 5. Bd2 O-O 6. Bg2 b6 7. O-O Bb7 8. a3
Be7 9. e3 Nbd7 10. Re1 c5 11. Bc1 Rc8 12. Ne2 Qc7 13. c3 Rfd8 14. h4 e5 15. Bd2
Ne4 16. Rc1 Qd6 17. Nh2 Qg6 18. Bxe4 dxe4 19. Kf1 Qf5 20. g4 Qf6 21. g5 Qf5 22.
Kg2 exd4 23. cxd4 Bd6 24. Ng3 Qe6 25. Bc3 cxd4 26. Bxd4 Ne5 27. Rxc8 Rxc8 28.
Bxe5 Bxe5 29. Re2 f6 30. Rd2 fxg5 31. hxg5 Rc7 32. Rd8+ Kf7 33. Rh8 Rd7 34.
Qh5+ Qg6 35. Qg4 Rd2 36. Nhf1 Rd6 37. Nf5 Rf6 38. Nh4 Rxf2+ 39. Kxf2 Qd6 40.
Qf5+ Ke7 41. Qf8+ Ke6 42. Qg8+ 1-0

[Event "Weekend A Autunno"]
[Site "Torino ITA"]
[Date "2006.11.??"]
[Round "3"]
[White "Bozzali, Ermanno"]
[Black "Biancotti, Alessandro"]
[Result "1-0"]
[WhiteElo "2099"]
[BlackElo "1916"]
[PlyCount "65"]
[EventDate "2006.10.28"]

1. e4 c5 2. Nf3 d6 3. d4 cxd4 4. Nxd4 Nf6 5. Nc3 g6 6. Be3 Bg7 7. f3 O-O 8. Qd2
Nc6 9. Bc4 Bd7 10. Bb3 Ne5 11. h4 h5 12. O-O-O Qa5 13. Bh6 Rfc8 14. Bxg7 Kxg7
15. g4 b5 16. gxh5 Nxh5 17. Rdg1 Nc4 18. Qg5 b4 19. Nd5 e6 20. Nf5+ exf5 21.
Qxh5 Be6 22. Nf4 Qe5 23. Nxe6+ Qxe6 24. exf5 Qe3+ 25. Kb1 Nd2+ 26. Ka1 Rc5 27.
Bxf7 Qxf3 28. Rxg6+ Kf8 29. Qh8+ Ke7 30. Qf6+ Kd7 31. Qxd6+ Kc8 32. Be6+ Kb7
33. Rg7+ 1-0

[Event "Weekend A Autunno"]
[Site "Torino ITA"]
[Date "2006.11.??"]
[Round "3"]
[White "Degrassi, Sergio"]
[Black "Abbura', Davide"]
[Result "1-0"]
[WhiteElo "1879"]
[BlackElo "1676"]
[PlyCount "45"]
[EventDate "2006.10.28"]

1. d4 d5 2. Bg5 Nf6 3. Bxf6 exf6 4. e3 Bf5 5. Nd2 Nd7 6. g3 Bd6 7. Bg2 c6 8.
Ne2 O-O 9. O-O Re8 10. c4 dxc4 11. Rc1 Nb6 12. Nxc4 Nxc4 13. Rxc4 Rc8 14. a3
Bb8 15. Rc1 Qe7 16. Nc3 Rcd8 17. Qb3 Be6 18. d5 cxd5 19. Bxd5 b6 20. Rfd1 Bxd5
21. Nxd5 Qb7 22. Rd3 Re6 23. Nxf6+ 1-0

[Event "Weekend A Autunno"]
[Site "Torino ITA"]
[Date "2006.11.??"]
[Round "3"]
[White "Llupa, Oltjon"]
[Black "D'Ingiullo, Giovanni"]
[Result "0-1"]
[WhiteElo "1966"]
[BlackElo "1757"]
[PlyCount "82"]
[EventDate "2006.10.28"]

1. d4 g6 2. c4 Bg7 3. e4 d6 4. f4 Nd7 5. Nf3 c5 6. d5 Ngf6 7. Nc3 a6 8. a4 O-O
9. Bd3 Re8 10. O-O Nb6 11. Rb1 Bg4 12. Bd2 e5 13. fxe5 Rxe5 14. Bf4 Re8 15. Qd2
Nh5 16. a5 Nc8 17. Na4 Nxf4 18. Qxf4 Bxf3 19. Rxf3 Bd4+ 20. Kh1 f6 21. Qd2 Qd7
22. Bc2 Rb8 23. b4 b5 24. bxc5 dxc5 25. cxb5 axb5 26. Nc3 Nd6 27. Bd3 b4 28.
Ne2 Nxe4 29. Bxe4 Rxe4 30. Qa2 Kg7 31. Rbf1 f5 32. Nf4 Kh8 33. a6 Ra8 34. Rh3
Qd6 35. Ne6 Rxa6 36. Qc4 Ra1 37. Rxh7+ Kxh7 38. Rxa1 Rxe6 39. dxe6 Bxa1 40. Qe2
Be5 41. g4 Qxe6 0-1

[Event "Weekend A Autunno"]
[Site "Torino ITA"]
[Date "2006.11.??"]
[Round "3"]
[White "Malano, Francesco"]
[Black "Turchetta, Gianluca"]
[Result "0-1"]
[WhiteElo "2000"]
[BlackElo "1584"]
[PlyCount "76"]
[EventDate "2006.10.28"]

1. f4 Nc6 2. e4 e6 3. d4 Nf6 4. e5 Ne4 5. Nf3 d5 6. Nbd2 Be7 7. Bd3 f5 8. exf6
Nxf6 9. c3 O-O 10. O-O Ng4 11. Nb3 Nh6 12. Qe2 Nf5 13. Bd2 Qe8 14. Ne5 Nxe5 15.
fxe5 b6 16. Rae1 c5 17. Bb1 a5 18. Bxf5 exf5 19. Qf3 Be6 20. Nc1 cxd4 21. cxd4
Qa4 22. Be3 f4 23. Bf2 Qd7 24. h3 Rf5 25. Nd3 Raf8 26. Rc1 g5 27. Rc2 g4 28.
hxg4 Rg5 29. Nxf4 Rxg4 30. Be3 Bg5 31. g3 Bxf4 32. Kh1 Bh6 33. Bxh6 Rxf3 34.
Rxf3 Bf5 35. Rcf2 Be4 36. Kh2 Bxf3 37. Rxf3 Qe8 38. Rf5 Rg6 0-1

[Event "Weekend A Autunno"]
[Site "Torino ITA"]
[Date "2006.11.??"]
[Round "3"]
[White "Matta, Francesca"]
[Black "Boetto, Massimo"]
[Result "0-1"]
[WhiteElo "1866"]
[BlackElo "1994"]
[PlyCount "66"]
[EventDate "2006.10.28"]

1. e4 e6 2. d4 d5 3. Nc3 Nf6 4. Bg5 Bb4 5. e5 h6 6. Bd2 Bxc3 7. bxc3 Ne4 8. Bd3
Nxd2 9. Qxd2 c5 10. Nf3 c4 11. Be2 Nc6 12. O-O Qa5 13. h3 Bd7 14. Nh2 O-O-O 15.
Ng4 Ne7 16. Ne3 Ba4 17. Bxc4 dxc4 18. Nxc4 Qd5 19. Nd6+ Rxd6 20. exd6 Bc6 21.
f4 Nf5 22. Rfe1 Qxd6 23. a4 Nh4 24. Re2 Bxg2 25. Qe3 Bc6 26. Rf2 Qd5 27. Kh2 g5
28. fxg5 Nf3+ 29. Kg3 Nxg5 30. Re2 Rg8 31. h4 Ne4+ 32. Kh2 Qd6+ 33. Kh1 Nf2#
0-1

[Event "Weekend A Autunno"]
[Site "Torino ITA"]
[Date "2006.11.??"]
[Round "3"]
[White "Mori, Andrea"]
[Black "Fortino, Fabrizio"]
[Result "1/2-1/2"]
[WhiteElo "2034"]
[BlackElo "2057"]
[PlyCount "77"]
[EventDate "2006.10.28"]

1. d4 d6 2. Nf3 g6 3. g3 Bg7 4. Bg2 Nf6 5. c4 O-O 6. Nc3 Nbd7 7. O-O c6 8. e4
e5 9. Rb1 Re8 10. h3 exd4 11. Nxd4 Nc5 12. Re1 a5 13. Bf4 Qc7 14. Nb3 Nxb3 15.
Qxb3 Nd7 16. Red1 Ne5 17. Rbc1 Be6 18. Nd5 Bxd5 19. cxd5 c5 20. a4 h6 21. Bf1
Qe7 22. Re1 Qf6 23. Bxe5 Qxe5 24. Bb5 Red8 25. Re2 h5 26. Kg2 h4 27. f4 Qe7 28.
Rf1 Bd4 29. Qf3 Rac8 30. b3 Rc7 31. Qg4 hxg3 32. Qxg3 Kg7 33. Bc4 f6 34. Bd3
Rg8 35. Rf3 b6 36. Kf1 Qe8 37. Bb5 Qe7 38. Bd3 Qe8 39. Bb5 1/2-1/2

[Event "Weekend A Autunno"]
[Site "Torino ITA"]
[Date "2006.11.??"]
[Round "3"]
[White "Pulito, Alberto"]
[Black "Damia, Angelo"]
[Result "1/2-1/2"]
[WhiteElo "2230"]
[BlackElo "2099"]
[PlyCount "70"]
[EventDate "2006.10.28"]

1. e4 d6 2. d4 Nf6 3. Nc3 e5 4. Nf3 Nbd7 5. Bc4 Be7 6. O-O O-O 7. Re1 c6 8. a4
a5 9. h3 Qc7 10. Bg5 h6 11. Bh4 Nb6 12. Bb3 Nh7 13. dxe5 dxe5 14. Bg3 Bf6 15.
Qe2 Re8 16. Rad1 Be6 17. Bxe6 Rxe6 18. Nd4 Ree8 19. Nf5 Rad8 20. Qg4 Kh8 21.
Bh4 Ng5 22. Bxg5 Bxg5 23. h4 Bf6 24. Qf3 Be7 25. Qg3 Bf8 26. h5 Nc8 27. Qe3 b6
28. Ne2 Ne7 29. Neg3 Nxf5 30. Nxf5 Rxd1 31. Rxd1 Rd8 32. Rd3 Rxd3 33. Qxd3 g6
34. Ne3 Kh7 35. b3 Bc5 1/2-1/2

[Event "Weekend A Autunno"]
[Site "Torino ITA"]
[Date "2006.11.??"]
[Round "3"]
[White "Sorcinelli, Francesco"]
[Black "Martin, Tiziano"]
[Result "1-0"]
[WhiteElo "2108"]
[BlackElo "2015"]
[PlyCount "63"]
[EventDate "2006.10.28"]

1. e4 e6 2. d3 d5 3. Nd2 Nf6 4. Ngf3 b6 5. c3 Bb7 6. e5 Nfd7 7. g3 c5 8. Be2
Nc6 9. d4 cxd4 10. cxd4 f6 11. Bb5 fxe5 12. Bxc6 Bxc6 13. Nxe5 Nxe5 14. dxe5
Bc5 15. Qg4 Qd7 16. Nb3 d4 17. O-O O-O 18. Bf4 Qd5 19. f3 d3+ 20. Kg2 d2 21.
Rad1 Rad8 22. Rxd2 Qc4 23. Rfd1 Rxd2+ 24. Rxd2 Bb5 25. Kh3 Qf1+ 26. Rg2 Rf5 27.
Bh6 g6 28. Nd2 Qh1 29. Bg5 Be3 30. Bxe3 Rh5+ 31. Qxh5 gxh5 32. Rg1 1-0

[Event "Weekend A Autunno"]
[Site "Torino ITA"]
[Date "2006.11.??"]
[Round "3"]
[White "Viglino, Antonio"]
[Black "Finocchiaro, Gianluca"]
[Result "1-0"]
[WhiteElo "1785"]
[BlackElo "1953"]
[PlyCount "51"]
[EventDate "2006.10.28"]

1. Nf3 d6 2. c4 e5 3. Nc3 f5 4. d3 Nf6 5. g3 g6 6. Bg2 Bg7 7. Bg5 c6 8. b4 O-O
9. Rb1 h6 10. Bxf6 Qxf6 11. e3 Be6 12. O-O g5 13. b5 c5 14. Nd2 e4 15. Na4 a6
16. Nb6 Ra7 17. dxe4 axb5 18. Rxb5 Rxa2 19. exf5 Qxf5 20. Bxb7 Qd3 21. Ne4 Qxd1
22. Rxd1 Nd7 23. Rxd6 Bh3 24. f4 Rg2+ 25. Kf1 Rb2+ 26. Ke1 1-0

[Event "Weekend A Autunno"]
[Site "Torino ITA"]
[Date "2006.11.??"]
[Round "3"]
[White "Vozza, Nicola"]
[Black "Gussone, Claudio"]
[Result "1/2-1/2"]
[WhiteElo "1978"]
[BlackElo "1970"]
[PlyCount "102"]
[EventDate "2006.10.28"]

1. d4 Nf6 2. c4 g6 3. Nc3 Bg7 4. e4 d6 5. Nf3 O-O 6. Be2 e5 7. O-O Nc6 8. d5
Ne7 9. b4 Nd7 10. a4 f5 11. Ng5 Nf6 12. Bf3 h6 13. Ne6 Bxe6 14. dxe6 fxe4 15.
Nxe4 Nxe4 16. Bxe4 c6 17. b5 d5 18. cxd5 cxd5 19. Bc2 Rf6 20. Bb3 Rxe6 21. Ba3
Kh7 22. Rc1 b6 23. Bxe7 Rxe7 24. Qxd5 Qxd5 25. Bxd5 Rd8 26. Rfd1 Red7 27. Bb3
Rd4 28. Kf1 R8d7 29. Ke2 Bf8 30. Rc8 Bc5 31. Rxd4 exd4 32. Kd3 Re7 33. Bd5 Kg7
34. Be4 Rf7 35. f3 g5 36. Rc6 Rf6 37. Rc7+ Rf7 38. Rc6 Rf6 39. Kc4 h5 40. a5 g4
41. axb6 Bxb6 42. Kd5 gxf3 43. gxf3 d3 44. Rxf6 Kxf6 45. Bxd3 Kg5 46. Ke4 Bc7
47. h3 h4 48. Bc4 Bb8 49. Be6 Bc7 50. Kd5 Kf4 51. Bg4 Bb6 1/2-1/2

[Event "Weekend A Autunno"]
[Site "Torino ITA"]
[Date "2006.11.??"]
[Round "3"]
[White "Xausa, Flavio"]
[Black "Torrione, William"]
[Result "0-1"]
[WhiteElo "2088"]
[BlackElo "1890"]
[PlyCount "168"]
[EventDate "2006.10.28"]

1. d4 d5 2. c4 c6 3. Nc3 Nf6 4. g3 e6 5. Bg2 a6 6. Nf3 Bd6 7. O-O Nbd7 8. Nd2
O-O 9. e4 dxe4 10. Ndxe4 Nxe4 11. Nxe4 Be7 12. b3 Nf6 13. Bb2 Nxe4 14. Bxe4 Re8
15. Qe2 Bd7 16. Rad1 Qc7 17. Rd3 Rad8 18. Rfd1 Bf8 19. f4 g6 20. Qg2 Bg7 21. h3
Bc8 22. Kh2 Qe7 23. Bf3 Qc7 24. a4 Qe7 25. Qe2 Qc7 26. Ba3 Bf8 27. Bxf8 Kxf8
28. Qd2 Qe7 29. a5 Rd7 30. Qc3 Qf6 31. Qd2 Qe7 32. h4 h5 33. Re1 Qd8 34. b4 Kg7
35. Re5 Kh7 36. Re1 Kg7 37. Qe3 Qe7 38. Qd2 Qd8 39. Rb1 Qf6 40. Kg2 Rdd8 41.
Rd1 Qe7 42. Qe1 Qf6 43. Qe3 Qe7 44. Qe5+ Qf6 45. Kf2 Qxe5 46. fxe5 Re7 47. Ke3
Red7 48. Rf1 Kf8 49. g4 hxg4 50. Bxg4 Ke7 51. h5 gxh5 52. Bxh5 Rf8 53. Ke4 f5+
54. exf6+ Rxf6 55. Rdf3 Rxf3 56. Rxf3 Kd6 57. Rg3 Rh7 58. Bf3 Re7 59. Rg8 Bd7
60. Bh5 Rh7 61. Rg5 Re7 62. c5+ Kc7 63. Ke5 Bc8 64. Bg4 Rd7 65. Bxe6 Re7 66.
Rg6 Bxe6 67. Rxe6 Rxe6+ 68. Kxe6 Kc8 69. Ke5 Kc7 70. Ke6 Kc8 71. Kf6 Kd8 72.
Kf5 Ke7 73. Ke5 Kd7 74. Kf4 Ke6 75. Ke3 Ke7 76. Kf3 Kf6 77. Kg4 Ke6 78. Kf4 Kd5
79. Ke3 Kc4 80. Ke4 Kxb4 81. Kd3 Kxa5 82. Kc4 Ka4 83. Kc3 Kb5 84. Kb3 a5 0-1

[Event "Weekend A Autunno"]
[Site "Torino ITA"]
[Date "2006.11.??"]
[Round "4"]
[White "Biancotti, Alessandro"]
[Black "Llupa, Oltjon"]
[Result "0-1"]
[WhiteElo "1916"]
[BlackElo "1966"]
[PlyCount "118"]
[EventDate "2006.10.28"]

1. e4 c5 2. Nf3 d6 3. d4 cxd4 4. Nxd4 Nf6 5. Nc3 g6 6. Be3 Bg7 7. f3 O-O 8. Qd2
Nc6 9. O-O-O Nxd4 10. Bxd4 Be6 11. g4 Qa5 12. Kb1 Rfe8 13. h4 Rac8 14. a3 a6
15. h5 Rc7 16. hxg6 hxg6 17. Bd3 Rec8 18. g5 Nh5 19. Bxg7 Kxg7 20. Ne2 Qxd2 21.
Rxd2 Bc4 22. Bxc4 Rxc4 23. Nc3 Nf4 24. Rdh2 e6 25. Rh7+ Kf8 26. Rd1 Ke7 27. Rh4
e5 28. Rh2 Ke6 29. Nd5 Nxd5 30. Rxd5 R4c5 31. Rd3 d5 32. Rb3 b5 33. exd5+ Rxd5
34. Re3 Kf5 35. Rh7 Rc7 36. Rc3 Rxc3 37. bxc3 Rd7 38. Rh8 Kxg5 39. Ra8 Rd6 40.
Ra7 f6 41. Rg7 Kf5 42. Kb2 g5 43. Kb3 Kf4 44. c4 bxc4+ 45. Kxc4 f5 46. Rf7 g4
47. fxg4 Kxg4 48. Kc5 Rd2 49. c4 e4 50. Kb4 e3 51. Kc3 Rd8 52. Re7 Kf3 53. c5
e2 54. c6 Rd1 55. Kc2 e1=Q 56. c7 Qd2+ 57. Kb3 Qd3+ 58. Kb4 Rc1 59. Rh7 Qc4+
0-1

[Event "Weekend A Autunno"]
[Site "Torino ITA"]
[Date "2006.11.??"]
[Round "4"]
[White "D'Ingiullo, Giovanni"]
[Black "Matta, Francesca"]
[Result "1/2-1/2"]
[WhiteElo "1757"]
[BlackElo "1866"]
[PlyCount "63"]
[EventDate "2006.10.28"]

1. g3 d5 2. Bg2 c6 3. d3 e5 4. e4 dxe4 5. Bxe4 Nf6 6. Bg2 Bd6 7. Ne2 O-O 8. O-O
Be6 9. b3 Nbd7 10. Nd2 Nb6 11. Nc3 Nbd5 12. Nce4 Bg4 13. Qe1 Nb4 14. Nxf6+ Qxf6
15. Ne4 Qe6 16. Qd2 Be7 17. Bb2 Nd5 18. c4 Nf6 19. Ng5 Qf5 20. f3 Nd7 21. Ne4
Bh3 22. g4 Bxg4 23. fxg4 Qxg4 24. Kh1 f5 25. Ng3 Bg5 26. Qe2 Qxe2 27. Nxe2 Rad8
28. Ng3 g6 29. a3 Rfe8 30. Rae1 Bh4 31. Re2 Bxg3 32. hxg3 1/2-1/2

[Event "Weekend A Autunno"]
[Site "Torino ITA"]
[Date "2006.11.??"]
[Round "4"]
[White "Damia, Angelo"]
[Black "Mori, Andrea"]
[Result "1/2-1/2"]
[WhiteElo "2099"]
[BlackElo "2034"]
[PlyCount "100"]
[EventDate "2006.10.28"]

1. e4 c5 2. Nf3 Nc6 3. d4 cxd4 4. Nxd4 Nf6 5. Nc3 e5 6. Ndb5 d6 7. Bg5 a6 8.
Na3 b5 9. Bxf6 gxf6 10. Nd5 Be6 11. c3 Bg7 12. Nc2 f5 13. exf5 Bxf5 14. Nce3
Be6 15. Bd3 Rb8 16. Qf3 Ne7 17. Nf6+ Bxf6 18. Qxf6 Ng6 19. Qg7 Ke7 20. Qh6 Qf8
21. Nf5+ Bxf5 22. Qg5+ f6 23. Qxf5 Nf4 24. g3 Nxd3+ 25. Qxd3 Qc8 26. Rd1 Qc6
27. O-O Rbd8 28. Rd2 Qc4 29. Qf3 Qxa2 30. Rfd1 Rd7 31. Rxd6 Rxd6 32. Rxd6 Kxd6
33. Qxf6+ Kd7 34. Qxh8 Qb1+ 35. Kg2 Qe4+ 36. f3 Qc2+ 37. Kh3 Qf5+ 38. Kh4 Kd6
39. Qd8+ Kc6 40. Qg5 Qc2 41. Qf6+ Kd7 42. Qg7+ Kd6 43. Qf6+ Kd7 44. Qxe5 Qxh2+
45. Kg5 Qxb2 46. Qg7+ Kc6 47. Qf6+ Kb7 48. Qe7+ Kc6 49. Qa7 Qd2+ 50. f4 h6+
1/2-1/2